000 00436nam a22001817a 4500
003 MPLRDC
005 20220104124758.0
008 210129b ||||| |||| 00| 0 eng d
082 _a827 JY v.4
100 _a舒国治
245 _a读金庸偶得
_c
250 _a再版
260 _a
_b远景出版事业公司
_c1984
300 _b
490 _a金学研究丛书. 4
650 _a中国小说论
942 _cBK
_o827 JY v.4
999 _c22084
_d22074